| 000 | 00506nam a22001577a 4500 | ||
|---|---|---|---|
| 003 | OSt | ||
| 005 | 20151007163008.0 | ||
| 008 | 151007b xxu||||| |||| 00| 0 eng d | ||
| 040 | _cRUA | ||
| 082 | _aAVM NGE 2007 B080 Or.1 | ||
| 100 |
_92315 _aNGET, CHANSEAK. |
||
| 245 | _aThe study of prevalence of parasite in stomach and intestinal of pig in smallolder raising in dangko commune, dangkor district, phnom penh | ||
| 260 |
_aPhnom Penh _bRUA _c2007 |
||
| 300 |
_aix; 51p. _bill. _c29CM. |
||
| 942 |
_2ddc _cATMSP |
||
| 999 |
_c2181 _d2181 |
||